[Event "18th American Continental"]
[Site "Foz do Iguacu BRA"]
[Date "2025.05.25"]
[Round "4.90"]
[White "De Oliveira, Jairo Quintiliano"]
[Black "Diaz Bermudez, Pedro Teofilo"]
[Result "1/2-1/2"]
[WhiteElo "1942"]
[BlackElo "1764"]
[WhiteFideId "22792503"]
[BlackFideId "3856429"]
[EventDate "2025.05.23"]

1. e4 c5 2. Nf3 d6 3. d4 cxd4 4. Nxd4 Nf6 5. Nc3 a6 6. Be3 e6 7. f3 b5 8. Qd2
Nbd7 9. g4 b4 10. Nce2 h6 11. Ng3 Qc7 12. O-O-O Bb7 13. Bd3 d5 14. g5 hxg5 15.
Bxg5 Bc5 16. Nb3 Bd6 17. Kb1 Ne5 18. f4 Nf3 19. Qe2 Nxg5 20. fxg5 Nxe4 21. Nxe4
dxe4 22. Bxe4 Bxe4 23. Qxe4 Rd8 24. g6 Rh6 25. gxf7+ Kxf7 26. Nd4 Be5 27. Rdf1+
Kg8 28. Nc6 Rd5 29. Nxb4 Rb5 30. a4 Rb8 31. Re1 Bc3 32. Qc6 1/2-1/2

[Event "18th American Continental"]
[Site "Foz do Iguacu BRA"]
[Date "2025.05.25"]
[Round "4.93"]
[White "Simao, Diogo Roger De Sousa"]
[Black "Mereles Riquelme, Mauricio"]
[Result "1-0"]
[WhiteElo "1934"]
[BlackElo "1615"]
[WhiteFideId "2117215"]
[BlackFideId "3708322"]
[EventDate "2025.05.23"]

1. d4 Nf6 2. Nf3 d5 3. Bg5 Ne4 4. Bh4 g6 5. Nbd2 Bg7 6. e3 Nf6 7. c4 c6 8. Rc1
O-O 9. Bd3 h6 10. O-O g5 11. Bg3 Nbd7 12. h3 Re8 13. Ne5 Nxe5 14. Bxe5 Be6 15.
b3 Qd7 16. Nf3 Bf5 17. Re1 g4 18. hxg4 Bxd3 19. Qxd3 Qxg4 20. Rc2 e6 21. Rec1
Ne4 22. Bxg7 Qxg7 23. Nd2 f5 24. Nxe4 fxe4 25. Qe2 Rf8 26. b4 Rf7 27. b5 Kh8 28.
bxc6 Rg8 29. Qf1 bxc6 30. cxd5 cxd5 31. Rc6 Qg4 32. Rc8 Rg7 33. Rxg8+ Kxg8 34.
a4 h5 35. a5 h4 36. Rc8+ Kh7 37. a6 Kh6 38. Rf8 Kg6 39. Rf4 Qg5 40. Qe2 Kh7 41.
f3 Rc7 42. Rg4 1-0

[Event "18th American Continental"]
[Site "Foz do Iguacu BRA"]
[Date "2025.05.25"]
[Round "4.94"]
[White "Moccero, Eduardo"]
[Black "Torales G., Ivan Alejandro B."]
[Result "0-1"]
[BlackTitle "FM"]
[WhiteElo "1804"]
[BlackElo "2089"]
[WhiteFideId "103373"]
[BlackFideId "3710785"]
[EventDate "2025.05.23"]

1. d4 d5 2. Nf3 Nc6 3. e3 Bg4 4. h3 Bh5 5. c4 e6 6. Nc3 Nf6 7. g4 Bg6 8. Ne5
Nxe5 9. dxe5 Ne4 10. cxd5 Nxc3 11. bxc3 Qxd5 12. Qxd5 exd5 13. Bg2 c6 14. O-O
Bc5 15. a4 O-O-O 16. Ba3 Bb6 17. Bd6 a5 18. Rfe1 Rhe8 19. f4 Bd3 20. g5 Bf5 21.
h4 Bxe3+ 22. Rxe3 Rxd6 23. Kf2 Red8 24. Bh3 Bxh3 25. Rxh3 d4 26. c4 d3 27. Ke3
R8d7 28. Rd1 Rd8 29. f5 d2 30. Rh2 Rd3+ 31. Ke2 Rc3 32. e6 fxe6 33. fxe6 Rxc4
34. Kf3 Rd3+ 35. Ke2 Rd6 0-1

[Event "18th American Continental"]
[Site "Foz do Iguacu BRA"]
[Date "2025.05.25"]
[Round "4.95"]
[White "Calcada, Henrique Galvan"]
[Black "De Fassio, Davi Dos Santos"]
[Result "1-0"]
[WhiteElo "1896"]
[BlackElo "1796"]
[WhiteFideId "22746080"]
[BlackFideId "44705395"]
[EventDate "2025.05.23"]

1. c4 Nf6 2. g3 g6 3. Bg2 Bg7 4. d4 d6 5. Nc3 O-O 6. Nf3 Nbd7 7. h3 e5 8. O-O c6
9. e4 Qe7 10. Re1 Re8 11. d5 c5 12. a3 Nb6 13. Qe2 Bd7 14. Be3 h6 15. Nd2 Rf8
16. b4 Rad8 17. Nb5 Bxb5 18. cxb5 Nbd7 19. Nb3 b6 20. bxc5 bxc5 21. Nxc5 Nxc5
22. a4 Nfd7 23. Reb1 f5 24. Bd2 f4 25. a5 Rb8 26. Ra3 g5 27. Bf3 Nf6 28. Rab3
Qd7 29. Kg2 Qf7 30. b6 axb6 31. Rxb6 Ra8 32. Rxd6 h5 33. g4 hxg4 34. hxg4 Qg6
35. Rb7 Rf7 36. Rbb6 Bh8 37. Qb5 Qh6 38. Rb7 Ra7 39. Rxa7 Rxa7 40. Qb8+ Kh7 41.
Qxa7+ Bg7 42. Qf7 1-0

[Event "18th American Continental"]
[Site "Foz do Iguacu BRA"]
[Date "2025.05.25"]
[Round "4.96"]
[White "Gomes, Marco Tulio Caldeira"]
[Black "Eger, Laura Luisa"]
[Result "1-0"]
[WhiteElo "1752"]
[BlackElo "1896"]
[WhiteFideId "2115271"]
[BlackFideId "22704825"]
[EventDate "2025.05.23"]

1. c4 e6 2. Nf3 d5 3. d4 Nf6 4. g3 c6 5. Bg2 Be7 6. Qc2 O-O 7. O-O Nbd7 8. Nbd2
a5 9. e4 dxe4 10. Nxe4 Nxe4 11. Qxe4 Nf6 12. Qc2 Qb6 13. Rd1 h6 14. h3 Rd8 15.
Be3 Qc7 16. Rd2 b6 17. Rad1 Bb7 18. Bf4 Qc8 19. Qb3 b5 20. cxb5 a4 21. Qd3 c5
22. Rc1 Be4 23. Qe2 Qb7 24. dxc5 Rxd2 25. Bxd2 Qd5 26. c6 Bd3 27. Qe5 Qxb5 28.
Qxb5 Bxb5 29. Nd4 Ba6 30. b3 Ba3 31. Rc2 e5 32. Nf5 Bd3 33. c7 Bxc2 34. Bxa8
Bxf5 35. Bb7 Ne4 36. Bxe4 Bxh3 37. Bb7 axb3 38. axb3 Kf8 39. c8=Q+ Bxc8 40. Bxc8
Bd6 41. Ba5 Ke7 42. b4 Kf6 43. b5 Bb8 44. b6 g5 45. Kf1 h5 46. b7 Kg6 47. Bd8 f5
48. Ke2 f4 49. gxf4 exf4 50. Kf3 Bd6 51. Bb6 Bb8 52. Bd4 Kf7 53. Kg2 g4 54. Bd7
f3+ 55. Kg1 Ke7 56. Bc8 Kf7 57. Bb6 Ke7 58. Be3 Kf7 59. Bg5 Ke8 60. Bh4 Ba7 61.
Bg3 Kd8 62. Bf5 h4 63. Bxh4+ Kc7 64. Bc8 1-0

[Event "18th American Continental"]
[Site "Foz do Iguacu BRA"]
[Date "2025.05.25"]
[Round "4.97"]
[White "Pereira, Wilson Roberto de M."]
[Black "Medero, Hildo Rodrigo"]
[Result "1-0"]
[WhiteElo "1869"]
[BlackElo "1553"]
[WhiteFideId "2124653"]
[BlackFideId "20029098"]
[EventDate "2025.05.23"]

1. e4 c5 2. Nf3 Nc6 3. d4 cxd4 4. Nxd4 g6 5. c4 Bg7 6. Be3 Nf6 7. f3 O-O 8. Nc3
Qb6 9. Qd2 d6 10. Ne6 Qa5 11. Nxf8 Kxf8 12. Bh6 Be6 13. Bxg7+ Kxg7 14. Be2 Rc8
15. g4 Ne5 16. b3 Nxc4 17. bxc4 Bxc4 18. Bxc4 Rxc4 19. Rc1 Nd7 20. Ne2 Qc5 21.
Rxc4 Qxc4 22. Qd4+ Ne5 23. Qxc4 Nxc4 24. Nc3 Ne5 25. Ke2 e6 26. Rd1 Nc4 27. Rd4 1-0

[Event "18th American Continental"]
[Site "Foz do Iguacu BRA"]
[Date "2025.05.25"]
[Round "4.98"]
[White "Zottis, Pietro"]
[Black "Almeida, Luis Eduardo dos Reis"]
[Result "1/2-1/2"]
[WhiteElo "1757"]
[BlackElo "1873"]
[WhiteFideId "22746838"]
[BlackFideId "22793410"]
[EventDate "2025.05.23"]

1. d4 Nf6 2. c4 g6 3. Nc3 d5 4. cxd5 Nxd5 5. e4 Nxc3 6. bxc3 Bg7 7. Nf3 c5 8.
Be3 Qa5 9. Nd2 cxd4 10. Nc4 Qd8 11. cxd4 Nc6 12. d5 Na5 13. Bd4 O-O 14. Bxg7
Kxg7 15. Qd4+ Kg8 16. Rc1 Nxc4 17. Bxc4 Qa5+ 18. Rc3 Qb4 19. Qd3 b5 20. Bb3 Bd7
21. O-O Rfc8 22. Rcc1 a5 23. Qb1 Qa3 24. e5 a4 25. Bc2 Rc3 26. e6 Be8 27. Be4 f5
28. Rxc3 Qxc3 29. Rc1 Qe5 30. d6 fxe4 31. d7 Qxe6 32. dxe8=R+ Rxe8 33. Qxb5 Rc8
34. Rxc8+ Qxc8 35. h3 Qc1+ 36. Kh2 Qc7+ 37. Kg1 Qa7 38. Qd5+ Kg7 39. Qxe4 1/2-1/2

[Event "18th American Continental"]
[Site "Foz do Iguacu BRA"]
[Date "2025.05.25"]
[Round "4.99"]
[White "Roselli, Danilo Palomares"]
[Black "Paredes Almada, Andres Joaquin"]
[Result "1-0"]
[WhiteElo "1885"]
[BlackElo "1670"]
[WhiteFideId "2103826"]
[BlackFideId "3713733"]
[EventDate "2025.05.23"]

1. b3 d5 2. Bb2 Bg4 3. g3 Nd7 4. Bg2 c6 5. Nf3 Ngf6 6. O-O e6 7. c4 Bd6 8. d4
Bxf3 9. Bxf3 O-O 10. Nc3 Qe7 11. Re1 dxc4 12. bxc4 e5 13. e3 a6 14. Qd3 Rfe8 15.
Qf5 Ba3 16. Bxa3 Qxa3 17. Ne4 Qe7 18. Rab1 Rab8 19. Red1 Nxe4 20. Qxe4 Qg5 21.
h4 Qe7 22. Bg2 Nf6 23. Qxe5 Qxe5 24. dxe5 Rxe5 25. Bxc6 Re7 26. Bxb7 a5 27. Bd5
Rc8 28. Rb5 Ra7 29. Rb7 Rxb7 30. Bxb7 Rb8 31. c5 Ne8 32. c6 Kf8 33. Rd7 Nf6 34.
Rd4 Ne8 35. Rd5 a4 36. Kg2 Ke7 37. Rd7+ Ke6 38. c7 Nxc7 39. Rxc7 1-0

[Event "18th American Continental"]
[Site "Foz do Iguacu BRA"]
[Date "2025.05.25"]
[Round "4.100"]
[White "Solaeche G., Axel Jose"]
[Black "Moura, Bernardo Lalane Mascarenha"]
[Result "1/2-1/2"]
[WhiteElo "1566"]
[BlackElo "1854"]
[WhiteFideId "3709426"]
[BlackFideId "44704976"]
[EventDate "2025.05.23"]

1. Nf3 d5 2. g3 Nf6 3. Bg2 c6 4. O-O Bf5 5. d4 e6 6. Nbd2 h6 7. b3 Nbd7 8. Bb2
Bd6 9. c4 O-O 10. Ne5 Qc7 11. Ndf3 b5 12. c5 Be7 13. b4 a5 14. a3 Bh7 15. Re1
Ne4 16. Nxd7 Qxd7 17. Ne5 Qc7 18. f3 Nf6 19. e4 Ra6 20. Bc3 axb4 21. axb4 Rfa8
22. Qe2 Ra4 23. Rxa4 Rxa4 24. Ra1 Rxa1+ 25. Bxa1 Qa7 26. Bc3 Qb7 27. h4 Nh5 28.
Kh2 Nf6 29. Kg1 Nd7 30. exd5 Nxe5 31. Qxe5 exd5 32. f4 Bd3 33. Bh3 Be4 34. Qh5
Bf6 35. Qg4 Kh7 36. Qe2 Qa7 37. Qb2 Qa4 38. Qd2 Qb3 39. Bf1 Qb1 40. Kf2 Qc2 41.
Qxc2 Bxc2 42. Bh3 Bd3 43. Bd7 Bc4 44. Bxc6 Kg6 45. Ke3 Bd8 46. Bd7 f5 47. Be8+ 1/2-1/2

[Event "18th American Continental"]
[Site "Foz do Iguacu BRA"]
[Date "2025.05.25"]
[Round "4.101"]
[White "Dos Santos, Gabriel Conte"]
[Black "Barandiaran, Gabriel"]
[Result "0-1"]
[WhiteElo "1543"]
[BlackElo "1841"]
[WhiteFideId "22776389"]
[BlackFideId "3004694"]
[EventDate "2025.05.23"]

1. d4 d5 2. Nf3 Nf6 3. e3 Bf5 4. Bd3 Bg6 5. O-O e6 6. b3 Nbd7 7. Bb2 Be7 8. c4
c6 9. Nc3 Ne4 10. Qc2 f5 11. Nd2 Bd6 12. Rfc1 Bxh2+ 13. Kf1 Bd6 14. Ncxe4 fxe4
15. Be2 O-O 16. Ke1 Qf6 0-1

[Event "18th American Continental"]
[Site "Foz do Iguacu BRA"]
[Date "2025.05.25"]
[Round "4.102"]
[White "Mariani, Kim Paul"]
[Black "Janke, Ligia"]
[Result "1-0"]
[WhiteElo "1828"]
[BlackElo "1649"]
[WhiteFideId "22779841"]
[BlackFideId "538021609"]
[EventDate "2025.05.23"]

1. e4 c6 2. d4 d5 3. exd5 cxd5 4. Bd3 Nc6 5. c3 Nf6 6. Bf4 Bg4 7. Qb3 Qd7 8. Nd2
e6 9. Ngf3 Bd6 10. Ne5 Bxe5 11. dxe5 Nh5 12. Be3 Bf5 13. Be2 d4 14. cxd4 Nxd4
15. Bxd4 Qxd4 16. Qb5+ Kf8 17. Bxh5 Rd8 18. O-O Bd3 19. Qxb7 g6 20. Nf3 Qf4 21.
Rfd1 gxh5 22. Qxa7 Kg7 23. Qe3 Qf5 24. Nd4 Rxd4 25. Qxd4 Be2 26. Re1 Bb5 27. a4
Ba6 28. b4 h6 29. Re3 Bb7 30. Rg3+ Kh7 31. b5 h4 32. Qxh4 Qxe5 33. Rd1 Qe2 34.
Rf1 Qd2 35. Qf6 1-0

[Event "18th American Continental"]
[Site "Foz do Iguacu BRA"]
[Date "2025.05.25"]
[Round "4.103"]
[White "Galeano Rolin, Mateo Josias"]
[Black "Vieira, Erico Vinicius Duarte"]
[Result "0-1"]
[WhiteElo "1502"]
[BlackElo "1753"]
[WhiteFideId "3716171"]
[BlackFideId "2181843"]
[EventDate "2025.05.23"]

1. e4 c6 2. d4 d5 3. exd5 cxd5 4. Bd3 Nc6 5. c3 Nf6 6. Bf4 Bg4 7. Qb3 Na5 8.
Qa4+ Bd7 9. Bb5 Nc6 10. Nd2 a6 11. Bxc6 Bxc6 12. Qc2 e6 13. Ngf3 Bd6 14. Ne5 O-O
15. Ndf3 h6 16. Nxc6 bxc6 17. Bxd6 Qxd6 18. O-O c5 19. Qd2 c4 20. Rfe1 a5 21.
Rab1 a4 22. a3 Rfb8 23. Ne5 Rb3 24. Qf4 Rab8 25. Qc1 Ne4 26. f3 Nxc3 27. bxc3
Rxb1 28. Qe3 Rxe1+ 29. Qxe1 Qxa3 30. Kf2 Qb2+ 31. Kg3 a3 32. Qe3 Qc2 33. Qf4 Qf5
34. Qc1 Qg5+ 35. Qxg5 hxg5 36. Nc6 Rb2 37. Nb4 Rxb4 38. cxb4 a2 39. b5 a1=Q 40.
b6 Qb2 41. b7 Qxb7 42. h4 gxh4+ 43. Kxh4 Qb2 44. g4 Qxd4 45. Kg3 g5 46. f4 Qxf4+
47. Kh3 Qf3+ 48. Kh2 Qxg4 49. Kh1 Qe2 50. Kg1 c3 51. Kh1 c2 52. Kg1 c1=R# 0-1

[Event "18th American Continental"]
[Site "Foz do Iguacu BRA"]
[Date "2025.05.25"]
[Round "4.104"]
[White "Vaz, Osvaldo Jose"]
[Black "Guimaraes, Felipe Pavanato"]
[Result "1-0"]
[WhiteElo "1749"]
[BlackElo "1523"]
[WhiteFideId "2165023"]
[BlackFideId "538009064"]
[EventDate "2025.05.23"]

1. e4 d6 2. d4 Nf6 3. Nc3 Nbd7 4. f4 e5 5. Nf3 exd4 6. Qxd4 c5 7. Qf2 Qc7 8. h3
a6 9. a4 Be7 10. Be2 b6 11. O-O Bb7 12. Nd2 O-O-O 13. Bf3 h6 14. Nc4 Bc6 15. b3
Qb7 16. Nd2 g5 17. Nd5 Nxd5 18. exd5 Bxd5 19. Bb2 Bf6 20. Bxf6 Nxf6 21. fxg5
hxg5 22. Qe3 Rdg8 23. Nc4 Qc6 24. Rad1 b5 25. axb5 axb5 26. Na5 Qa8 27. Rxd5
Nxd5 28. Qd2 b4 29. Nc4 Rd8 30. Bxd5 Qa7 31. Rxf7 Qa1+ 32. Kh2 g4 33. Nb6+ Kb8
34. Rb7# 1-0

[Event "18th American Continental"]
[Site "Foz do Iguacu BRA"]
[Date "2025.05.25"]
[Round "4.105"]
[White "Lugo Martinez, Jimena Sofia"]
[Black "Ramirez Bentos, Ana Paula"]
[Result "1-0"]
[WhiteElo "1734"]
[BlackElo "1500"]
[WhiteFideId "3710793"]
[BlackFideId "3720152"]
[EventDate "2025.05.23"]

1. e4 c5 2. Nf3 Nc6 3. d3 g6 4. g3 d6 5. Bg2 Bg7 6. O-O Nf6 7. Re1 O-O 8. c3 Qc7
9. h3 Bd7 10. Be3 b5 11. e5 Nd5 12. exd6 Nxe3 13. fxe3 Qxd6 14. Kh2 Rab8 15. d4
cxd4 16. exd4 e6 17. Nbd2 Qc7 18. Ne4 Na5 19. Nc5 Bc8 20. Qe2 Qb6 21. Ne5 Bxe5
22. Qxe5 Nc4 23. Qe2 Rd8 24. Ne4 Nd6 25. Nf6+ Kg7 26. Qe5 Nc4 27. Nh5+ Kf8 28.
Qg7+ Ke7 29. Nf6 Bb7 30. Bxb7 Qxb7 31. d5 Rxd5 32. Nxd5+ Qxd5 33. Rf1 Qd2+ 34.
Kh1 Qd5+ 35. Kg1 Qc5+ 36. Rf2 Rf8 37. Qf6+ Kd7 38. Rd1+ Kc7 39. Kh2 Ne3 40. Rd3
Nf5 41. Rfd2 Qc4 42. Rd7+ Kb6 43. Qe5 Rc8 44. g4 f6 45. Qe1 Qf4+ 46. Kg1 Qg3+
47. Qxg3 Nxg3 48. R2d6+ Kc5 49. Rxe6 f5 50. Rxh7 f4 51. Rf7 Kd5 52. Rxg6 Re8 53.
Rd7+ Ke4 54. Kg2 Ke3 55. Rgg7 Ne4 56. Rgf7 Rc8 57. Rd4 Re8 58. Rdd7 a5 59. Rfe7
f3+ 60. Kf1 Rc8 61. Rd4 Kf4 62. Rdxe4+ Kg3 63. Rf7 Rd8 64. Rd4 Re8 65. Rd3 Kxh3
66. Rfxf3+ Kxg4 67. Rg3+ Kh4 68. Rh3+ Kg4 69. Rhe3 Rf8+ 70. Ke2 Rh8 71. Rd4+ Kf5
72. Rd5+ Kf6 73. Rxb5 Rh2+ 74. Kd3 a4 75. c4 a3 76. bxa3 Rxa2 77. Ke4 Rh2 78.
Rf5+ Ke6 79. Kf4+ Kd6 80. c5+ Kc6 81. Re6+ Kd7 82. Rd6+ Kc8 83. c6 Kc7 84. Re6
Rh8 85. Rf7+ Kc8 86. c7 Rh4+ 87. Kg5 Rh8 88. Rb6 Rh5+ 89. Kf4 Rh4+ 90. Ke3 Re4+
91. Kd3 Re3+ 92. Kc2 Rc3+ 93. Kd1 Rc1+ 94. Ke2 Re1+ 95. Kd3 Re3+ 96. Kd4 Rd3+
97. Ke5 Rd5+ 98. Kf6 Rf5+ 99. Ke7 Re5+ 100. Kf8 Rb5 101. Rb8+ Rxb8 102. cxb8=Q+
Kxb8 103. Rd7 Kc8 104. Ke7 Kb8 105. Kd6 Kc8 106. Kc6 Kb8 107. Rh7 Ka8 108. Kb6
Kb8 109. Rh8# 1-0

[Event "18th American Continental"]
[Site "Foz do Iguacu BRA"]
[Date "2025.05.25"]
[Round "4.106"]
[White "Noguera Delgado, Gael Eduardo"]
[Black "Vieira, Luana Saddi"]
[Result "0-1"]
[WhiteElo "1484"]
[BlackElo "1716"]
[WhiteFideId "3717348"]
[BlackFideId "22738762"]
[EventDate "2025.05.23"]

1. d4 Nf6 2. g3 g6 3. Nf3 Bg7 4. Bg2 O-O 5. O-O c6 6. c4 d6 7. Nc3 Bf5 8. Bf4
Re8 9. Re1 Ne4 10. Nxe4 Bxe4 11. e3 Bxf3 12. Qxf3 e5 13. dxe5 dxe5 14. Red1 Qe7
15. Qe4 Na6 16. Bxe5 Qxe5 17. Qg4 h5 18. Qd7 Nc5 19. Qd2 Qxb2 20. Qxb2 Bxb2 21.
Rab1 Bg7 22. h4 Rad8 23. Kh2 Bf6 24. Bf3 Rxd1 25. Rxd1 Rd8 26. Rb1 Rd2 27. a3
Rxf2+ 28. Bg2 Re2 29. Rf1 Kg7 30. Rf3 Nd3 31. Rf1 Ne1 0-1

[Event "18th American Continental"]
[Site "Foz do Iguacu BRA"]
[Date "2025.05.25"]
[Round "4.107"]
[White "Orlandi Neto, Aristides"]
[Black "Vaz, Vania Dora Madona"]
[Result "1-0"]
[WhiteElo "1704"]
[BlackElo "1471"]
[WhiteFideId "2133970"]
[BlackFideId "22793887"]
[EventDate "2025.05.23"]

1. d4 Nf6 2. Nf3 g6 3. Bf4 Bg7 4. e3 b6 5. Be2 Bb7 6. h3 O-O 7. O-O d6 8. Nbd2
Nh5 9. Bh2 Nd7 10. c3 e5 11. dxe5 dxe5 12. g4 Nhf6 13. Nxe5 Ne8 14. Nxd7 Qxd7
15. Nf3 Qe7 16. Qa4 h5 17. Rad1 a5 18. Rd7 Qc5 19. Qf4 Rc8 20. Rfd1 Bc6 21. Rd8
Rxd8 22. Rxd8 Bf6 23. Rxe8 Rxe8 24. Qxf6 Re6 25. Qd8+ Re8 26. Qxc7 hxg4 27. hxg4
Re7 28. Qd8+ Re8 29. Qd4 Re4 30. Qxc5 Rxg4+ 31. Kf1 bxc5 32. Bg3 f6 33. Nd2 Rg5
34. Bf3 Bd7 35. c4 Bh3+ 36. Ke2 1-0

[Event "18th American Continental"]
[Site "Foz do Iguacu BRA"]
[Date "2025.05.26"]
[Round "5.1"]
[White "Fier, Alexandr"]
[Black "Shankland, Sam"]
[Result "1/2-1/2"]
[WhiteTitle "GM"]
[BlackTitle "GM"]
[WhiteElo "2556"]
[BlackElo "2666"]
[WhiteFideId "2107139"]
[BlackFideId "2004887"]
[EventDate "2025.05.23"]

1. e4 c5 2. Nf3 d6 3. d4 cxd4 4. Nxd4 Nf6 5. Nc3 a6 6. Bd3 e5 7. Nde2 Be7 8. O-O
O-O 9. Ng3 Re8 10. Kh1 g6 11. f4 exf4 12. Bxf4 1/2-1/2

[Event "18th American Continental"]
[Site "Foz do Iguacu BRA"]
[Date "2025.05.26"]
[Round "5.2"]
[White "Oparin, Grigoriy"]
[Black "Hong, Andrew"]
[Result "1/2-1/2"]
[WhiteTitle "GM"]
[BlackTitle "GM"]
[WhiteElo "2660"]
[BlackElo "2579"]
[WhiteFideId "24125890"]
[BlackFideId "2099438"]
[EventDate "2025.05.23"]

1. Nf3 d5 2. c4 e6 3. g3 Nf6 4. Bg2 Be7 5. O-O O-O 6. d4 dxc4 7. Qc2 a6 8. a4
Bd7 9. Qxc4 Bc6 10. Bg5 Nbd7 11. Nc3 h6 12. Bf4 Bd6 13. Qd3 Qe7 14. e4 Bxf4 15.
gxf4 Rad8 16. Ne5 Nxe5 17. fxe5 Nh5 18. f4 f6 19. Qe3 fxe5 20. fxe5 Rxf1+ 21.
Rxf1 Rf8 22. Rxf8+ Qxf8 23. d5 Bd7 24. Ne2 g5 25. Bh3 Qb4 26. Qf3 Ng7 27. b3 h5
28. Qe3 Kh7 29. Nd4 Qc5 30. Kf2 g4 31. Bf1 Qf8+ 32. Kg1 Qc5 33. Kf2 Qf8+ 34. Kg1
Qc5 1/2-1/2

[Event "18th American Continental"]
[Site "Foz do Iguacu BRA"]
[Date "2025.05.26"]
[Round "5.3"]
[White "Filgueiras, Nathan Felipe"]
[Black "Martinez Alcantara, Jose Eduardo"]
[Result "1/2-1/2"]
[WhiteTitle "IM"]
[BlackTitle "GM"]
[WhiteElo "2370"]
[BlackElo "2611"]
[WhiteFideId "2188562"]
[BlackFideId "3805662"]
[EventDate "2025.05.23"]

1. e4 e5 2. Nf3 Nc6 3. Nc3 Nf6 4. h3 Bb4 5. Bd3 O-O 6. O-O Re8 7. Re1 Bf8 8. Bf1
Bc5 9. Bc4 Na5 10. Bf1 Nc6 11. Bc4 Na5 12. Bf1 1/2-1/2

[Event "18th American Continental"]
[Site "Foz do Iguacu BRA"]
[Date "2025.05.26"]
[Round "5.4"]
[White "Jacobson, Brandon"]
[Black "Villanueva, Mario"]
[Result "1/2-1/2"]
[WhiteTitle "GM"]
[BlackTitle "IM"]
[WhiteElo "2582"]
[BlackElo "2454"]
[WhiteFideId "30901561"]
[BlackFideId "113433"]
[EventDate "2025.05.23"]

1. d4 d5 2. c4 e6 3. Nc3 Nf6 4. cxd5 exd5 5. Bg5 c6 6. e3 h6 7. Bh4 Be7 8. Bd3
O-O 9. f3 c5 10. Nge2 cxd4 11. exd4 Nc6 12. O-O Be6 13. Bf2 Bd6 14. Qd2 Ne7 15.
Kh1 Ng6 16. Rae1 Nh5 17. Be3 Qh4 18. f4 f5 19. Rf3 Qd8 20. Ng3 Nxg3+ 21. Rxg3
Ne7 22. Qd1 Qd7 23. Ne2 Bf7 24. Ng1 Nc6 25. Rh3 Rae8 26. Nf3 Be6 27. a3 Qc7 28.
Ne5 Bxe5 29. dxe5 d4 30. Bd2 a5 31. Rg3 Bd5 32. Qh5 Kh8 33. Bxf5 Nxe5 34. Rc1
Qf7 35. Qxf7 Rxf7 36. Bb1 Nc4 37. Ba2 Re2 38. Bxa5 Rxb2 39. Bxc4 Bxc4 40. h3 b5
41. a4 Rxf4 42. axb5 Rxb5 43. Rxc4 Rxa5 44. Rc7 Rg5 45. Rxg5 hxg5 46. Rc5 g4 47.
hxg4 Rxg4 48. Kg1 Kh7 49. Rd5 g5 50. Kf2 Kg6 51. g3 Re4 52. Kf3 Re3+ 53. Kf2 Re4 1/2-1/2

[Event "18th American Continental"]
[Site "Foz do Iguacu BRA"]
[Date "2025.05.26"]
[Round "5.5"]
[White "Bachmann, Axel"]
[Black "Coro, Lucas"]
[Result "1-0"]
[WhiteTitle "GM"]
[BlackTitle "IM"]
[WhiteElo "2570"]
[BlackElo "2434"]
[WhiteFideId "3700488"]
[BlackFideId "147222"]
[EventDate "2025.05.23"]

1. g3 g6 2. Bg2 Bg7 3. d4 Nf6 4. e4 d6 5. Nc3 Nc6 6. Nge2 e5 7. dxe5 dxe5 8. Be3
Be6 9. Nd5 O-O 10. O-O Re8 11. Bg5 Bxd5 12. exd5 Ne7 13. c4 h6 14. Bd2 Nf5 15.
Re1 Nd7 16. Rc1 Nc5 17. b4 Nd3 18. Bg5 Qxg5 19. Qxd3 a5 20. a3 axb4 21. axb4 Nd6
22. c5 e4 23. Qc2 Nf5 24. Bxe4 Ne3 25. Qd3 Ng4 26. h3 Ne5 27. Qb3 Qd2 28. Rcd1
Qa2 29. Qxa2 Rxa2 30. d6 cxd6 31. cxd6 Rb2 32. Nf4 Rxb4 33. Nd5 Rb2 34. Bg2 Rd8
35. f4 Nd7 36. f5 g5 37. Rb1 Nb6 38. f6 Rxb1 39. Ne7+ 1-0

[Event "18th American Continental"]
[Site "Foz do Iguacu BRA"]
[Date "2025.05.26"]
[Round "5.6"]
[White "Lopez Silva, Hugo"]
[Black "Quesada Perez, Luis Ernesto"]
[Result "0-1"]
[WhiteTitle "IM"]
[BlackTitle "GM"]
[WhiteElo "2380"]
[BlackElo "2546"]
[WhiteFideId "3403874"]
[BlackFideId "3520773"]
[EventDate "2025.05.23"]

1. e4 d6 2. d4 Nf6 3. Nc3 g6 4. Be3 a6 5. Be2 Bg7 6. f4 e6 7. Bf3 Nc6 8. Nge2
Ne7 9. a4 b6 10. O-O O-O 11. Kh1 Bb7 12. Qd3 Qc8 13. Rad1 Rb8 14. Bf2 b5 15.
axb5 axb5 16. b4 Bc6 17. Rfe1 e5 18. h3 Re8 19. Bg3 exf4 20. Bxf4 h6 21. Bh2 Nh7
22. d5 Bd7 23. Nd4 Ng5 24. e5 Nf5 25. Bg4 Nxd4 26. Bxd7 Qxd7 27. Qxd4 dxe5 28.
Bxe5 Nf3 0-1

[Event "18th American Continental"]
[Site "Foz do Iguacu BRA"]
[Date "2025.05.26"]
[Round "5.7"]
[White "Cardoso Cardoso, Jose Gabriel"]
[Black "Rojas Salas, Steven"]
[Result "1/2-1/2"]
[WhiteTitle "GM"]
[BlackTitle "IM"]
[WhiteElo "2516"]
[BlackElo "2343"]
[WhiteFideId "4430492"]
[BlackFideId "3819434"]
[EventDate "2025.05.23"]

1. d4 d5 2. c4 e6 3. Nc3 c5 4. cxd5 exd5 5. Nf3 Nc6 6. dxc5 d4 7. Na4 Bxc5 8.
Nxc5 Qa5+ 9. Bd2 Qxc5 10. Rc1 Qb6 11. e3 Nge7 12. Bc4 O-O 13. O-O Bg4 14. exd4
Nxd4 15. Be3 Bxf3 16. Bxd4 Bxd1 17. Bxb6 Bg4 18. Bc5 Rfe8 19. Rfe1 Nc6 20. f3
Be6 21. Bxe6 Rxe6 22. Rxe6 fxe6 23. Rd1 Rc8 24. Rd6 e5 25. Rd7 Nd4 26. Ba3 Rc1+
27. Kf2 Rc2+ 28. Kg3 Ne2+ 29. Kg4 Nd4 30. Kg3 Ne2+ 31. Kg4 Nd4 32. Kg3 h5 33. f4
exf4+ 34. Kxf4 Nb5 35. Be7 Rxg2 36. Rxb7 Nd4 37. Ke4 Ne6 38. Kf5 Nd4+ 39. Ke4
Ne6 40. h4 Rg4+ 41. Ke5 Nd4 42. Bg5 Nf3+ 43. Kf5 Nxh4+ 44. Bxh4 Rxh4 45. Kg6
Rg4+ 1/2-1/2